<?xml version="1.0" encoding="UTF-8"?>
<record
    xmlns:xsi="http://www.w3.org/2001/XMLSchema-instance"
    xsi:schemaLocation="http://www.loc.gov/MARC21/slim http://www.loc.gov/standards/marcxml/schema/MARC21slim.xsd"
    xmlns="http://www.loc.gov/MARC21/slim">

  <leader>00538nam a22001817a 4500</leader>
  <controlfield tag="003">OSt</controlfield>
  <controlfield tag="005">20130621094441.0</controlfield>
  <controlfield tag="008">130621n        sp ||||| |||| 00| 0bcat d</controlfield>
  <datafield tag="040" ind1=" " ind2=" ">
    <subfield code="c">CDMR</subfield>
  </datafield>
  <datafield tag="100" ind1="1" ind2=" ">
    <subfield code="9">2201</subfield>
    <subfield code="a">Soldevila, Carles</subfield>
  </datafield>
  <datafield tag="245" ind1="1" ind2="3">
    <subfield code="a">La nostra gent</subfield>
    <subfield code="b">: Rovira i Virgili</subfield>
    <subfield code="c">per Carles Soldevila</subfield>
  </datafield>
  <datafield tag="260" ind1=" " ind2=" ">
    <subfield code="a">Barcelona</subfield>
    <subfield code="b">Llibreria Catalonia</subfield>
    <subfield code="c">[s.d.]</subfield>
  </datafield>
  <datafield tag="300" ind1=" " ind2=" ">
    <subfield code="a">58 p.</subfield>
    <subfield code="b">il. b/n</subfield>
  </datafield>
  <datafield tag="490" ind1="0" ind2=" ">
    <subfield code="a">Quaderns Blaus</subfield>
  </datafield>
  <datafield tag="600" ind1="1" ind2=" ">
    <subfield code="9">139</subfield>
    <subfield code="a">Rovira i Virgili, Antoni</subfield>
    <subfield code="v">Biografia</subfield>
  </datafield>
  <datafield tag="650" ind1="0" ind2="4">
    <subfield code="9">3139</subfield>
    <subfield code="a">Periodistes catalans</subfield>
    <subfield code="v">Biografia</subfield>
  </datafield>
  <datafield tag="942" ind1=" " ind2=" ">
    <subfield code="2">udc</subfield>
    <subfield code="c">MON</subfield>
  </datafield>
  <datafield tag="999" ind1=" " ind2=" ">
    <subfield code="c">6512</subfield>
    <subfield code="d">6512</subfield>
  </datafield>
  <datafield tag="952" ind1=" " ind2=" ">
    <subfield code="0">0</subfield>
    <subfield code="1">0</subfield>
    <subfield code="4">0</subfield>
    <subfield code="7">0</subfield>
    <subfield code="a">CDMR</subfield>
    <subfield code="b">CDMR</subfield>
    <subfield code="d">2013-01-16</subfield>
    <subfield code="l">1</subfield>
    <subfield code="m">1</subfield>
    <subfield code="o">Du 1/43</subfield>
    <subfield code="p">CDMR13066762</subfield>
    <subfield code="r">2019-03-11</subfield>
    <subfield code="s">2019-02-14</subfield>
    <subfield code="w">2013-06-21</subfield>
    <subfield code="y">MON</subfield>
  </datafield>
</record>
